| 000 | 00364 a2200169 4500 | ||
|---|---|---|---|
| 001 | 182155 | ||
| 020 | _a85-209-0420-3 | ||
| 040 | _cMagnum | ||
| 100 | _aRibeiro, João Ubaldo | ||
| 240 | 1 | 0 |
_aSargento Getúlio _lpor |
| 245 | 1 | 0 | _aSargento Getúlio |
| 300 | _a157 | ||
| 362 | 0 | _a1982 | |
| 440 | 1 | _aNova Fronteira | |
| 697 | _aLITERATURA GERAL | ||
| 942 | _cBK | ||
| 999 |
_c182155 _d182155 |
||